Regeneration, An Approach to Sustainable Building

Salvato in:
Dettagli Bibliografici
Altri autori: Canal WilliamsCollege / YouTube
Natura: Libro
Lingua:inglese
Soggetti:
Accesso online:Regeneration, An Approach to Sustainable Building
Tags: Aggiungi Tag
Nessun Tag, puoi essere il primo ad aggiungerne!!

MARC

LEADER 00000nam a22000004a 4500
001 vpro11100
005 20201223000000.0
008 170209s2017 ck # g## #001 0#eng#d
020
022
040 |a CO-BoINGC 
041 0 |a eng 
245 1 0 |a Regeneration, An Approach to Sustainable Building 
246 |a Regeneracin̤: un enfoque a la sostenibilidad en construccin̤ 
264 |a Bogot ̀(Colombia) :  |b Revista VirtualPRO,  |c 2017 
520 3
650 \ \ |a Ingeniera̕ civil 
650 \ \ |a Civil engineering 
650 \ \ |a ingeniera̕ civil 
650 \ \ |a construccin̤ 
650 \ \ |a civil engineering 
650 \ \ |a building 
650 \ \ |a construction  
700 \ \ |a Canal WilliamsCollege / YouTube 
856 |z Regeneration, An Approach to Sustainable Building  |u https://virtualpro.unach.elogim.com/biblioteca/regeneracion-un-enfoque-a-la-sostenibilidad-en-construccion